000 00983cam a2200241 4500
001 ABS64096
008 000000n2001 000 0 eng u
035 _a(Sirsi) u113268
100 _aPincott, D.
245 _aHow's it all going?
260 _c2001
490 _aEstates Gazette
_v(0123) 9 June 2001, 146-148(3)
520 _aConsiders the need for development monitoring of the construction phase of a project to avoid unnecessary risk and looks at the background and role of monitoring surveyors. Includes a schedule of information requirements for successful development monitoring, tips for getting a project through the diligence process and a case study of the Eden Project.
590 _aABS
650 _aCONSTRUCTION PROCESS
650 _aCONSTRUCTION PHASE
650 _aDEVELOPMENT MONITORING
650 _aDUE DILLIGENCE
650 _aMONITORING SURVEYORS
650 _aRISK ASSESSMENT
690 _aBUILDING AND CONSTRUCTION-MANAGEMENT
942 _n0
999 _c67469
_d67469